Design of Non Planar Concrete roofs (Record no. 549080)

000 -LEADER
fixed length control field 00383nam a22001337a 4500
082 ## - DEWEY DECIMAL CLASSIFICATION NUMBER
Classification number 695
Author Mark TER
-- L-19, P-54
100 ## - MAIN ENTRY--PERSONAL NAME
Personal name Terrington, J.S
9 (RLIN) 39697
245 ## - TITLE STATEMENT
Title Design of Non Planar Concrete roofs
Statement of responsibility, etc. Terrington, J.S
260 ## - PUBLICATION, DISTRIBUTION, ETC.
Place of publication, distribution, etc. London
Name of publisher, distributor, etc. Concrete publications ltd
Date of publication, distribution, etc. 1964
300 ## - PHYSICAL DESCRIPTION
Extent p-108
Other physical details ill
526 ## - STUDY PROGRAM INFORMATION NOTE
Program name 0
Interest level 0
Reading level 0
Title point value 695_000000000000000_TER
650 ## - SUBJECT ADDED ENTRY--TOPICAL TERM
Topical term or geographic name entry element MCE
9 (RLIN) 379
942 ## - ADDED ENTRY ELEMENTS (KOHA)
Source of classification or shelving scheme
Koha item type Book
Holdings
Withdrawn status Lost status Source of classification or shelving scheme Damaged status Not for loan Permanent Location Current Location Date acquired Total Checkouts Full call number Barcode Date last seen Price effective from Koha item type
          Military College of Engineering (MCE) Military College of Engineering (MCE) 09/16/2014   695 TER MCE-3533 09/16/2014 09/16/2014 Book
© 2023 Central Library, National University of Sciences and Technology. All Rights Reserved.